| 000 | 00795nam a2200205Ia 4500 | ||
|---|---|---|---|
| 003 | Ost | ||
| 005 | 20260507075018.0 | ||
| 008 | 260507s9999||||xx |||||||||||||| ||und|| | ||
| 040 | _cfsecg | ||
| 041 | _aara | ||
| 082 | _a387.7 | ||
| 100 |
_aالعريفي، محمد فريد _eمؤلف |
||
| 245 | 0 |
_aالقانون الجوي : _bالنقل الجوي الداخلي والدولي / _c محمد فريد العريفي |
|
| 260 |
_aالإسكندرية: _bدار الجامعة الجديدة, _c2003 |
||
| 300 |
_a341 صفحة؛ _bإيضاحات ؛ _c24 سم |
||
| 520 | _aفي أنواع النقل الجوي-في عقد النقل الجوي-في مسؤولية الناقل الجوي | ||
| 653 | _aالقانون الجوى | ||
| 653 | _aالنقل الجوي | ||
| 942 | _cكتاب | ||
| 999 |
_c42241 _d42241 |
||